00452nam a2200145 a 450000500170000000800410001702000180005805000220007610000260009824500600012426000400018430000110022465000450023565000260028020140412111404.0060406s19uu xx 00 eng d a0-7432-3480-4 aM 248.4bP31 2003 aPeale, Norman Vincent aThe Power of positive thinking /cNorman Vincent Peale. aNew York :bA Fireside Book,c2003. a224 p. aSuccessxReligious aspectsxChristianity aEnthusiasmxReligious